Podnikatelská a manažerská výzva: Transformace systému jakosti podle ISO 9000:2000
Nová manažérska výzva, t.j. transformácia systému kvality v súlade s požiadavkami podľa normy ISO 9000:2000. Nová filozofia systémovej normy.
Saved in:
| Main Author: | |
|---|---|
| Format: | Book Chapter |
| Language: | Czech |
| Subjects: | |
| Tags: |
No Tags, Be the first to tag this record!
|
MARC
| LEADER | 00000naa a2200000 4500 | ||
|---|---|---|---|
| 001 | r045544 | ||
| 005 | 20230524134936.6 | ||
| 041 | 0 | |a cze | |
| 044 | |a CZ | ||
| 245 | 1 | 0 | |a Podnikatelská a manažerská výzva: Transformace systému jakosti podle ISO 9000:2000 |c Josef F. Palán |
| 520 | |a Nová manažérska výzva, t.j. transformácia systému kvality v súlade s požiadavkami podľa normy ISO 9000:2000. Nová filozofia systémovej normy. | ||
| 610 | 2 | 0 | |a systémy kvality |
| 610 | 2 | 0 | |a normy ISO |
| 610 | 2 | 0 | |a normy kvality |
| 610 | 2 | 0 | |a ISO 9000:2000 |
| 610 | 2 | 0 | |a transformácia |
| 610 | 2 | 0 | |a riadenie kvality |
| 100 | 1 | |a Palán, Josef F. | |